000 00825 a2200217 4500
999 _c7186
_d7186
020 _a9781418546823
020 _a1418546828
050 0 0 _aBS475.3 UNL 20111
100 _aYoungblood, Ronald F
_eeditor
245 0 0 _aUnlock the Bible :
_bkeys to understanding the scripture /
_cRonald F. Youngblood (General Editor).
264 _aNashville:
_bThomas Nelson.,
_c2011
300 _aix, 416 p. ;
500 _alncludes index
650 _aBible
700 1 _aYoungblood, Ronald F.
_q(Ronald Fred),
_d1931-2014.
_4edt
700 1 _aBruce, F. F.
_4edt
700 1 _aHarrison, R. K.
_q(Roland Kenneth)
_4edt
856 4 2 _3Publisher description
_uhttp://www.loc.gov/catdir/enhancements/fy1201/2011284000-d.html
942 _2lcc
_cBK
_h475.3
_iYOU
_kBS